000 00337nam a2200133Ia 4500
008 100328s9999 xx 000 0 und d
082 _b29319
100 _aआपटे ह.ना.
245 _aउष:काल
260 _bसव्हिडिया
630 _aउष:काल
730 _aउष:काल
942 _cBOOK
999 _c520360
_d520357